书目信息 |
| 题名: |
大学英语过级必备
|
|
| 作者: | 郑天义 , 陈菁 主编 | |
| 分册: | ||
| 出版信息: | 北京 中国对外翻译出版公司 2003.08 |
|
| 页数: | 288页 | |
| 开本: | 21cm | |
| 丛书名: | ||
| 单 册: | ||
| 中图分类: | H310.42 | |
| 科图分类: | ||
| 主题词: | 英语--ying yu--词汇--高等学校--教学参考资料 , 英语--ying yu--语法--高等学校--教学参考资料 , 英语--ying yu--高等学校--教学参考资料 | |
| 电子资源: | ||
| ISBN: | 7-5001-0866-4 | |
| 000 | 01072nam0 2200289 450 | |
| 001 | 012008731515 | |
| 005 | 20080315115247.54 | |
| 010 | @a7-5001-0866-4@dCNY10.00 | |
| 100 | @a20080315d2003 km y0chiy0120 ea | |
| 101 | 0 | @achi@aeng |
| 102 | @aCN@b110000 | |
| 105 | @ay z 000yy | |
| 106 | @ar | |
| 200 | 1 | @a大学英语过级必备@Ada xue ying yu guo ji bi bei@e六级词汇语法快速突破@f郑天义, 陈菁主编@Fzheng tian yi,chen jing zhu bian |
| 205 | @a第3版 | |
| 210 | @a北京@c中国对外翻译出版公司@d2003.08 | |
| 215 | @a288页@d21cm | |
| 330 | @a本书分词汇篇和语法篇两部分,每部分都包括“测试综述”、“快速突破”、“真题集粹”、“模拟测试”等内容。 | |
| 517 | 1 | @a六级词汇语法快速突破@Aliu ji ci hui yu fa kuai su tu po |
| 606 | 0 | @a英语@Aying yu@x词汇@x高等学校@j教学参考资料 |
| 606 | 0 | @a英语@Aying yu@x语法@x高等学校@j教学参考资料 |
| 606 | 0 | @a英语@Aying yu@x高等学校@j教学参考资料 |
| 690 | @aH310.42@v4 | |
| 701 | 0 | @a郑天义@Azheng tian yi@4主编 |
| 701 | 0 | @a陈菁@Achen jing@4主编 |
| 801 | 0 | @aCN@bQSSK@c20080315 |
| 905 | @b20284363-65@dH310.42@eZ449=3@f3 | |
| 大学英语过级必备:六级词汇语法快速突破/郑天义, 陈菁主编.-第3版.-北京:中国对外翻译出版公司,2003.08 |
| 288页;21cm |
| ISBN 7-5001-0866-4:CNY10.00 |
| 本书分词汇篇和语法篇两部分,每部分都包括“测试综述”、“快速突破”、“真题集粹”、“模拟测试”等内容。 |
| ● |
| 相关链接 |
|
|
|
正题名:大学英语过级必备
索取号:H310.42/Z449=3
 
预约/预借
| 序号 | 登录号 | 条形码 | 馆藏地/架位号 | 状态 | 备注 |
| 1 | 284363 | 202843637 | 语言库209/209语言库 98排4列2层/ [索取号:H310.42/Z449=3] | 在馆 | |
| 2 | 284364 | 202843646 | 语言库209/209语言库 98排4列2层/ [索取号:H310.42/Z449=3] | 在馆 | |
| 3 | 284365 | 202843655 | 语言库209/209语言库 98排4列2层/ [索取号:H310.42/Z449=3] | 在馆 |